Victorian Literature and modern Indian literature / (Record no. 142034)

MARC details
000 -LEADER
fixed length control field 00670nam a22001937a 4500
005 - DATE AND TIME OF LATEST TRANSACTION
control field 20170627152633.0
010 ## - LCCN (DPL NO)
LC control number ENG-118956
020 ## - INTERNATIONAL STANDARD BOOK NUMBER
International Standard Book Number 9788125056096
Terms of availability 125.00
035 ## - SYSTEM CONTROL NUMBER
System control number EN-102488
037 ## - SOURCE OF ACQUISITION
Source of stock number/acquisition DBAD/PUB
082 ## - DEWEY DECIMAL CLASSIFICATION NUMBER
Classification number 880.945
100 ## - MAIN ENTRY--PERSONAL NAME
Personal name Sengupta, Arjun
245 ## - TITLE STATEMENT
Title Victorian Literature and modern Indian literature /
Statement of responsibility, etc by Arjun Sengupta [and] Jayati Gupta
260 ## - PUBLICATION, DISTRIBUTION, ETC. (IMPRINT)
Place of publication, distribution, etc Telangana
Name of publisher, distributor, etc Orient Blackswan
Date of publication, distribution, etc 2014
270 ## - ADDRESS
Address 3-6-752 Himayatnagar, Hyderabad
City Telangana
Postal code 500029
300 ## - PHYSICAL DESCRIPTION
Extent 377p.
Dimensions 22cm(pbk)
505 ## - FORMATTED CONTENTS NOTE
Formatted contents note Davagere university prescribed for semester v of the Ba optical english course
942 ## - ADDED ENTRY ELEMENTS (KOHA)
Source of classification or shelving scheme Dewey Decimal Classification
Item type English Books
Classification part 880.945
Call number suffix SEN
Holdings
Withdrawn status Lost status Not for loan Collection code Home library Current library Date acquired Source of acquisition Cost, normal purchase price Full call number Barcode Copy number Cost, replacement price Koha item type
      Non-fiction Shahdara Branch Shahdara Branch 27/06/2017 DBAD/PUB 125.00 880.945 SEN EN-102488 1 125.00 English Books

© Delhi Public Library
Hit Counter
free hit counter